Efficient Structures for Geometric Data Management

Saved in:
Bibliographic Details
Main Author: Günter, Oliver
Format: Book
Language:English
Published: Berlin Springer 1988
Edition:1. ed.
Series:Lecture Notes in Computer Science 337
Tags: Add Tag
No Tags, Be the first to tag this record!

MARC

LEADER 00000nam a2200000 4500
001 c025689
005 20221219115748.9
041 0 |a eng 
044 |a DE 
245 1 0 |a Efficient Structures for Geometric Data Management  |c Oliver Günter 
250 |a 1. ed. 
264 1 |a Berlin  |b Springer  |c 1988 
300 |a 135 s. 
490 1 |a Lecture Notes in Computer Science  |v 337 
830 0 |a Lecture Notes in Computer Science  |v 337 
100 1 |a Günter, Oliver